000 00657nam a2200241Ia 4500
003 OSt
005 20220918185209.0
006 a|||||r|||| 00| 0
007 ta
008 220917b |||||||| |||| 00| 0 eng d
024 _a50,045
037 _cTextual
040 _aARTS
_cARTS
_beng
041 _2eng
_aeng
082 _aP:(B28), 122J9 (PD)
100 _aGuiraud Pierre
_964762
245 0 _aProblems methods de la statistique linguistique
260 _aDordrecht
_bD Reidel
_c1959
300 _a145p.
_ccm.
650 _aLINGUISTICS
942 _hP:(B28), 122J9 (PD)
_cTEXL
_2CC
999 _c179644
_d179644